000 01654cam a2200349 a 4500
001 EDZ0000159504
003 StDuBDS
005 20161031105252.0
006 m||||||||d||||||||
007 cr |||||||||||
008 130912s1998 caua fo| 001|0|eng d
020 _a9781483328218 (ebook) :
_cNo price
040 _aStDuBDS
_beng
_cStDuBDS
_epn
049 _aAlfaisal Main Library
050 0 _aHD66
_b.Y43 1998
082 0 4 _a658.4036
_223
100 1 _aYeatts, Dale E.,
_d1952-
245 1 0 _aHigh-performing self-managed work teams
_h[electronic resource] :
_ba comparison of theory to practice /
_cDale E. Yeatts, Cloyd Hyten.
260 _aThousand Oaks, Calif. :
_bSAGE,
_c1998.
300 _a1 online resource (xvii, 379 p.) :
_bill.
504 _aIncludes bibliographical references and index.
520 8 _aSince the mid-1970s, pressure from international competition has forced business in the United States to look for better ways to achieve and maintain a competitive position. One popular tool is the self-managed work-team (SMWT). This book provides a thorough examination of SMWT both at the level of theory and at the practical level of when to use work teams to find solutions and how to develop successful teams.
521 _aSpecialized.
588 _aDescription based on print version record.
650 0 _aSelf-directed work teams.
655 7 _aElectronic books.
_2local
700 1 _aHyten, Cloyd.
710 2 _aSage eBooks
776 0 8 _iPrint version :
_z9780761904694
856 4 0 _uhttp://ezproxy.alfaisal.edu/login?url=http://sk.sagepub.com/books/high-performing-self-managed-work-teams
942 _2lcc
_cEBOOKS
999 _c483113
_d483113